Biblioteca

Todos necesitamos: Un abrazo (Registro nro. 49342)

Detalles MARC
000 -LÍDER
Campo fijo de descripción fija 00463aam a2200181 i 4500
001 - NÚMERO DE CONTROL
Campo de control 2196
003 - IDENTIFICADOR DEL NÚMERO DE CONTROL
Campo de control CO-MdBIC
005 - FECHA Y HORA DE LA ULTIMA TRANSACCIÓN
control field 20220404172641.0
008 - ELEMENTOS DE LONGITUD FIJA -- INFORMACIÓN GENERAL
Campo fijo de descripción fija -- Información general 220222b2011 spaa|||| |||| 00| 0 spa d
020 ## - NÚMERO INTERNACIONAL NORMALIZADO PARA LIBROS
Número Internacional Normalizado del libro 978-84-236-9937-7
040 ## - FUENTE DE CATALOGACIÓN
Idioma de catalogación spa.
082 04 - NÚMERO DE CLASIFICACIÓN DECIMAL DEWEY
Número de clasificación 823
Número de la edición del Dewey 22
Clave de autor-Numero de item P665
100 1# - ASIENTO PRINCIPAL--NOMBRE PERSONAL
Nombre personal Sophie Piper
245 10 - TÍTULO
Título del Material Todos necesitamos: Un abrazo
260 ## - PUBLICACIÓN, DISTRIBUCIÓN, ETC. (PIE DE IMPRENTA)
Lugar de publicación, distribución, etc. España : Edebé
505 00 - NOTA DE CONTENIDO
Nota de contenido con formato preestablecido Todos necesitamos: Un amigo -- Un abrazo -- Amor -- Un Beso
942 ## - TIPO DE MATERIAL (KOHA)
Tipo de Item KOHA Z- Libro General BINCO
Existencias
Estado de Material Estado de Perdido Forma de Clasificación Estado de Dañado No para Préstamo Biblioteca de Origen Biblioteca Permanente Fecha de Adquisición Total de Préstamos Total de Renovaciones Signatura Topográfica Código de Barras Última vez visto Última vez Préstado Fecha de Remplazo Tipo de Material
    Dewey Decimal Classification     Biblioteca Infantil Comunitaria BINCO Biblioteca Infantil Comunitaria BINCO 04/04/2022 1 1 823 P665 B33292 04/11/2025 07/10/2025 04/04/2022 Z- Libro General BINCO

Biblioteca FUSBC | Teléfono: (57+4) 349 88 10 Ext. 141| WhatsApp (+57) 3005338115 
E-mail: biblioteca@unisbc.edu.co | Calle 76 87-14 Robledo Palenque, Medellín, Colombia

Con tecnología Koha